Jefferson's pillow (Record no. 1652)
[ view plain ]
| 000 -LEADER | |
|---|---|
| fixed length control field | 01758nam a2200397 a 4500 |
| 082 04 - DEWEY DECIMAL CLASSIFICATION NUMBER | |
| Classification number | 973/.09/9 |
| 100 1# - MAIN ENTRY--AUTHOR NAME | |
| Personal name | Wilkins, Roger W., |
| 245 10 - TITLE STATEMENT | |
| Title | Jefferson's pillow |
| 260 ## - PUBLICATION, DISTRIBUTION, ETC. (IMPRINT) | |
| Place of publication | Boston : |
| Name of publisher | Beacon Press, |
| Year of publication | c2001. |
| 300 ## - PHYSICAL DESCRIPTION | |
| Number of Pages | 163 p. |
| 650 #0 - SUBJECT ADDED ENTRY--TOPICAL TERM | |
| Topical Term | Statesmen |
| Topical Term | Presidents |
| Topical Term | African Americans |
| Topical Term | Nationalism |
| 856 40 - ELECTRONIC LOCATION AND ACCESS | |
| Uniform Resource Identifier | http://site.ebrary.com/lib/rucke/Doc?id=5001913 |
No items available.
